<?xml version="1.0" encoding="UTF-8"?>
<record
    xmlns:xsi="http://www.w3.org/2001/XMLSchema-instance"
    xsi:schemaLocation="http://www.loc.gov/MARC21/slim http://www.loc.gov/standards/marcxml/schema/MARC21slim.xsd"
    xmlns="http://www.loc.gov/MARC21/slim">

  <leader>01263nam a2200265 i 4500</leader>
  <controlfield tag="001">97796</controlfield>
  <controlfield tag="003">ES-MaACL</controlfield>
  <controlfield tag="005">20250823063053.0</controlfield>
  <controlfield tag="007">t|</controlfield>
  <controlfield tag="008">050718q1948    sp           ||||1| spa d</controlfield>
  <datafield tag="100" ind1="1" ind2=" ">
    <subfield code="a">Eza, Luis Marichalar y Monreal, </subfield>
    <subfield code="c">Vizconde de, </subfield>
    <subfield code="d">1873-1945</subfield>
    <subfield code="9">76705</subfield>
  </datafield>
  <datafield tag="245" ind1="1" ind2="0">
    <subfield code="a">Antolog&#xED;a de las obras del Excmo. Se&#xF1;or Vizconde de Eza / </subfield>
    <subfield code="c">precedidas de un prop&#xF3;sito de don Pedro Antonio Barquerizo, y un pr&#xF3;logo de don Le&#xF3;n Mart&#xED;n-Granizo, y avaloradas con estudios especiales... de Pedro Sangro y Ros de Olano ... [et al.].</subfield>
  </datafield>
  <datafield tag="260" ind1=" " ind2=" ">
    <subfield code="a">Madrid : </subfield>
    <subfield code="b">Escuela Social de Madrid, </subfield>
    <subfield code="c">[1948?]</subfield>
  </datafield>
  <datafield tag="300" ind1=" " ind2=" ">
    <subfield code="a">XXXIX, 1037 p., 1 retr. autor ; </subfield>
    <subfield code="c">18 cm.</subfield>
  </datafield>
  <datafield tag="490" ind1="1" ind2=" ">
    <subfield code="a">Biblioteca Eza ; </subfield>
    <subfield code="v">1</subfield>
  </datafield>
  <datafield tag="505" ind1="8" ind2=" ">
    <subfield code="a">Contiene: El vizconde de Eza, agrarista, economista, soci&#xF3;logo, pol&#xED;tico . El vizconde de Eza seg&#xFA;n sus coet&#xE1;neos.</subfield>
  </datafield>
  <datafield tag="600" ind1="1" ind2="4">
    <subfield code="a">Eza, Luis Marichalar y Monreal, </subfield>
    <subfield code="c">Vizconde de, </subfield>
    <subfield code="d">1873-1945</subfield>
    <subfield code="9">76705</subfield>
  </datafield>
  <datafield tag="700" ind1="1" ind2=" ">
    <subfield code="a">Baquerizo, Pedro Antonio.</subfield>
    <subfield code="9">25257</subfield>
  </datafield>
  <datafield tag="700" ind1="1" ind2=" ">
    <subfield code="a">Mart&#xED;n-Granizo, Le&#xF3;n.</subfield>
    <subfield code="9">77517</subfield>
  </datafield>
  <datafield tag="700" ind1="1" ind2=" ">
    <subfield code="a">Sangro y Ros de Olano, Pedro, </subfield>
    <subfield code="c">Marqu&#xE9;s de Guad-el-Jel&#xFA;.</subfield>
    <subfield code="9">103144</subfield>
  </datafield>
  <datafield tag="710" ind1="2" ind2=" ">
    <subfield code="a">Escuela Social de Madrid.</subfield>
    <subfield code="9">3593</subfield>
  </datafield>
  <datafield tag="830" ind1="1" ind2=" ">
    <subfield code="a">Biblioteca Eza ; </subfield>
    <subfield code="v">1</subfield>
    <subfield code="9">232298</subfield>
  </datafield>
  <datafield tag="852" ind1=" " ind2=" ">
    <subfield code="a">ES-MaACL</subfield>
    <subfield code="j">B-13488</subfield>
  </datafield>
  <datafield tag="999" ind1=" " ind2=" ">
    <subfield code="c">97796</subfield>
    <subfield code="d">97796</subfield>
  </datafield>
  <datafield tag="952" ind1=" " ind2=" ">
    <subfield code="0">0</subfield>
    <subfield code="1">0</subfield>
    <subfield code="4">0</subfield>
    <subfield code="7">0</subfield>
    <subfield code="a">ATENEOM</subfield>
    <subfield code="b">ATENEOM</subfield>
    <subfield code="c">SPB</subfield>
    <subfield code="d">2008-01-17</subfield>
    <subfield code="e">SC</subfield>
    <subfield code="l">0</subfield>
    <subfield code="o">B-13488</subfield>
    <subfield code="p">1102086</subfield>
    <subfield code="r">2023-02-23 00:00:00</subfield>
    <subfield code="w">2023-02-23</subfield>
    <subfield code="y">MONOGRAFIA</subfield>
  </datafield>
</record>
